000 00691nam a22001577a 4500
003 OSt
005 20151025140455.0
008 151025b xxu||||| |||| 00| 0 eng d
040 _cRUA
082 _aAVM SRO 2013 B107 Or.1
100 _92864
_aSROURN RADY
245 _aEffectivness vilage extextension agent creating in khsa kandal district, kandal province, ប្រសិទ្ធភាពនៃការបង្កើតភ្នាក់ងារបសុពេទ្យភូមិ នៅក្នុងស្រុកខ្សាច់កណ្ដាល ខេត្តកណ្ដាល)
260 _aPhnom Penh
_bRua
_c2013
300 _axi;62p.
_bill.
_c29cm.
942 _2ddc
_cAVM
999 _c2682
_d2682